| 000 | 00649nam a22002057a 4500 | ||
|---|---|---|---|
| 003 | OSt | ||
| 005 | 20250725094621.0 | ||
| 008 | 250725b |||||||| |||| 00| 0 eng d | ||
| 020 | _a978-621-04-4376-9 | ||
| 040 |
_aDWC-Main Lib _cOC |
||
| 082 | _aFil. 382 L864i 2023 | ||
| 100 | _aLopez- Mariano, Norma Dy | ||
| 245 |
_aInternational business trade/ _cNorma Dy Lopez- Mariano |
||
| 250 | _a1st edition | ||
| 260 |
_aSampaloc, Manila, Philippines : _bRex Bookstore, _cc2023. |
||
| 300 |
_aix, 398 pages : _billustrations ; _c25cm. |
||
| 504 | _aIncludes index. | ||
| 650 | _a1. International trade | ||
| 942 |
_2ddc _cBK - FIL _e1st edition _kFil. _n0 |
||
| 999 |
_c3827 _d3827 |
||